| 000 | 00383nam a22001337a 4500 | ||
|---|---|---|---|
| 008 | 230602b xxu||||| |||| 00| 0 eng d | ||
| 020 | _a9789966098634 | ||
| 082 |
_a324 _bNJE |
||
| 100 |
_cWainaina wa Njeri _d2017 |
||
| 245 |
_aThe Art of Winning Elections _bA gem of real politics for effective leaders |
||
| 260 |
_aNairobi _bValue Conversations _c2017 |
||
| 300 | _a230 | ||
| 942 |
_2ddc _cBK |
||
| 999 |
_c57 _d57 |
||